[Event "185th open MGU"]
[Site "Sofia"]
[Date "2017.04.08"]
[Round "1.1"]
[White "Andreev, Dobrotich"]
[Black "Ivanov, Oleg M."]
[Result "1-0"]
[WhiteElo "1986"]
[BlackElo "1628"]
[PlyCount "37"]
[EventDate "2017.04.08"]
[EventType "swiss"]
[EventRounds "6"]
[EventCountry "BUL"]

1. e4 e5 2. Nf3 d5 3. exd5 e4 4. Bb5+ c6 5. dxc6 bxc6 6. Bc4 exf3 7. O-O fxg2
8. Re1+ Be7 9. Qh5 Nh6 10. d3 O-O 11. Bxh6 gxh6 12. Re3 Kh8 13. Nc3 f5 14. Rae1
Bg5 15. Re8 Bd7 16. Rxd8 Rxd8 17. h4 Bd2 18. Re7 a5 19. Qf7 1-0

[Event "185th open MGU"]
[Site "Sofia"]
[Date "2017.04.08"]
[Round "1.2"]
[White "Georgiev, Kristian"]
[Black "Gelemerov, Yane"]
[Result "1/2-1/2"]
[WhiteElo "1580"]
[BlackElo "1976"]
[PlyCount "45"]
[EventDate "2017.04.08"]
[EventType "swiss"]
[EventRounds "6"]
[EventCountry "BUL"]

1. e4 e5 2. d4 exd4 3. c3 d5 4. exd5 Qxd5 5. Nf3 Nc6 6. cxd4 Bg4 7. Be2 Nf6 8.
Nc3 Bb4 9. O-O Bxc3 10. bxc3 O-O 11. Ba3 Rfe8 12. Qc2 Rad8 13. h3 Bh5 14. Rab1
a6 15. Rfe1 Bg6 16. Bd3 Bxd3 17. Qxd3 Rxe1+ 18. Rxe1 Qxa2 19. c4 Re8 20. Rb1 b6
21. Rb2 Qa1+ 22. Rb1 Qa2 23. Rb2 1/2-1/2

[Event "185th open MGU"]
[Site "Sofia"]
[Date "2017.04.08"]
[Round "1.3"]
[White "Ignatov, Bojidar"]
[Black "Georgiev, Nikolay Zh."]
[Result "1/2-1/2"]
[WhiteElo "1770"]
[BlackElo "1574"]
[PlyCount "102"]
[EventDate "2017.04.08"]
[EventType "swiss"]
[EventRounds "6"]
[EventCountry "BUL"]

1. d4 d5 2. c4 c6 3. Nf3 Nf6 4. Nc3 dxc4 5. e4 b5 6. e5 Nd5 7. Ng5 h6 8. Nge4
a5 9. f4 g6 10. h4 Nxc3 11. bxc3 Bf5 12. Nf2 h5 13. Be2 Qd7 14. Bf3 e6 15. Qe2
a4 16. Be3 Na6 17. g4 hxg4 18. Nxg4 Bxg4 19. Bxg4 Nc7 20. Kf2 O-O-O 21. h5 gxh5
22. f5 Bh6 23. Bxh5 Bxe3+ 24. Kxe3 Rdg8 25. Raf1 exf5 26. Bf3 Nd5+ 27. Kd2 Kb7
28. Kc2 Ka6 29. Qd2 f4 30. Bxd5 Qxd5 31. Rxh8 Rxh8 32. Qxf4 Rh7 33. Kb1 Rh1 34.
Qc1 Rxf1 35. Qxf1 Qe4+ 36. Kc1 Qg6 37. Qf3 Kb6 38. Qe3 Kc7 39. d5 cxd5 40. Qc5+
Qc6 41. Qe7+ Qd7 42. Qc5+ Kd8 43. Qb6+ Ke8 44. Qc5 Kd8 45. Kb2 Ke8 46. Qb6 Ke7
47. Qf6+ Ke8 48. Qh8+ Ke7 49. Qf6+ Ke8 50. Qh8+ Ke7 51. Qf6+ Ke8 1/2-1/2

[Event "185th open MGU"]
[Site "Sofia"]
[Date "2017.04.08"]
[Round "1.4"]
[White "Mladenov, Andrey"]
[Black "Mihalev, Daniil"]
[Result "1/2-1/2"]
[WhiteElo "1552"]
[BlackElo "1760"]
[PlyCount "148"]
[EventDate "2017.04.08"]
[EventType "swiss"]
[EventRounds "6"]
[EventCountry "BUL"]

1. e4 c5 2. Nf3 g6 3. d4 cxd4 4. Nxd4 Nc6 5. c4 Bg7 6. Be3 Nf6 7. Nc3 Nxd4 8.
Bxd4 d6 9. Be2 O-O 10. O-O Bd7 11. f4 Bc6 12. Bf3 Nd7 13. Bxg7 Kxg7 14. Qe2
Qb6+ 15. Kh1 Rac8 16. Nd5 Bxd5 17. cxd5 Rc7 18. Rac1 Rfc8 19. Qd2 Rxc1 20. Rxc1
Qf2 21. Qd1 Rc5 22. Rxc5 Nxc5 23. Qc1 Qd4 24. Qc3 Qxc3 25. bxc3 a5 26. a3 h5
27. h4 b5 28. Be2 Nxe4 29. Bxb5 Nxc3 30. Bc6 Ne2 31. Kh2 Nxf4 32. Kg3 Nd3 33.
Kf3 Kf6 34. Ke3 Nc5 35. Kd4 a4 36. Kc4 Ke5 37. Be8 Kf6 38. Kd4 e5+ 39. dxe6
fxe6 40. Kc4 g5 41. g3 e5 42. Kd5 gxh4 43. gxh4 Ke7 44. Bxh5 e4 45. Be2 Kf6 46.
Kxd6 Nd3 47. Kc6 Kf5 48. Kb5 Nb2 49. Kb4 Kf4 50. Kc3 Ke3 51. h5 Nd3 52. h6 Nf4
53. Bb5 Nd5+ 54. Kc4 Nf6 55. Kc5 Kf4 56. Kd6 Kg5 57. h7 Nxh7 58. Bxa4 e3 59.
Bb5 Nf6 60. Ke5 Nd7+ 61. Ke4 Kf6 62. Kxe3 Nb6 63. Kd4 Ke6 64. Kc5 Nc8 65. a4
Ke7 66. a5 Kd8 67. Bc6 Kc7 68. Bf3 Na7 69. a6 Nc8 70. Bg4 Na7 71. Bf5 Nc6 72.
Be4 Na7 73. Bb7 Nc8 74. Bc6 Na7 1/2-1/2

[Event "185th open MGU"]
[Site "Sofia"]
[Date "2017.04.08"]
[Round "1.5"]
[White "Babatov, Martin"]
[Black "Kononenko, Vladimir"]
[Result "1/2-1/2"]
[WhiteElo "1709"]
[BlackElo "1329"]
[PlyCount "124"]
[EventDate "2017.04.08"]
[EventType "swiss"]
[EventRounds "6"]
[EventCountry "BUL"]

1. d4 d5 2. Bf4 Bf5 3. e3 e6 4. Bd3 Bg6 5. Bxg6 hxg6 6. Nf3 Bd6 7. Bxd6 cxd6 8.
Nbd2 Nc6 9. a3 e5 10. dxe5 dxe5 11. Nb3 f5 12. Rc1 Nf6 13. c4 dxc4 14. Qxd8+
Rxd8 15. Rxc4 Rd3 16. Nc5 Rd5 17. Nxb7 Ne7 18. O-O e4 19. Nd4 O-O 20. b4 Rb8
21. Na5 Rbd8 22. Rc7 R8d7 23. Rxd7 Rxd7 24. Rc1 f4 25. h3 fxe3 26. fxe3 Nfd5
27. Kf2 Nf5 28. Nxf5 gxf5 29. Rd1 Kf7 30. Nb7 Ke7 31. Nc5 Rd6 32. g4 f4 33.
exf4 e3+ 34. Ke1 Nxf4 35. Rxd6 Kxd6 36. h4 Kd5 37. Nb3 Ke4 38. h5 Kf3 39. Nd4+
Kxg4 40. b5 Nxh5 41. Ke2 Kf4 42. a4 Ke4 43. Nc6 Nf4+ 44. Ke1 g5 45. Nb4 g4 46.
Nc2 g3 47. Kf1 e2+ 48. Kg1 Kd3 49. Ne1+ Kd2 50. Nf3+ Ke3 51. Ne1 Nd3 52. Ng2+
Kf3 53. a5 e1=Q+ 54. Nxe1+ Nxe1 55. b6 axb6 56. axb6 Kg4 57. b7 Nf3+ 58. Kf1
Kh3 59. b8=Q g2+ 60. Ke2 g1=Q 61. Qc8+ Qg4 62. Qxg4+ Kxg4 1/2-1/2

[Event "185th open MGU"]
[Site "Sofia"]
[Date "2017.04.08"]
[Round "2.2"]
[White "Gelemerov, Yane"]
[Black "Kostov, Nikolay"]
[Result "0-1"]
[WhiteElo "1976"]
[BlackElo "1668"]
[PlyCount "46"]
[EventDate "2017.04.08"]
[EventType "swiss"]
[EventRounds "6"]
[EventCountry "BUL"]

1. e4 d5 2. exd5 Nf6 3. Bb5+ Bd7 4. Bc4 ({RR} 4. Be2 Nxd5 5. d4 Bf5 6. Nf3 e6)
4... c6 ({RR} 4... Bg4) 5. dxc6 ({RR} 5. Nc3 cxd5 ({RR} 5... Bg4 6. f3) 6. Nxd5
Nxd5 7. Bxd5 Nc6 8. Nf3) 5... Nxc6 6. Nf3 ({RR} 6. d4 e5 7. dxe5 Nxe5 8. Qe2
Bb4+ 9. c3 O-O 10. cxb4 Bg4 11. f3 ({RR} 11. Nf3 Nxc4 12. O-O Rc8) 11... Re8 ({
RR} 11... Nxc4 12. Qxc4 Rc8 13. Qf4) 12. Bb5 Bd7 ({RR} 12... Nd3+ 13. Bxd3 Qxd3
14. fxg4 Rxe2+ ({RR} 14... Nd5) ({RR} 14... Rac8) 15. Nxe2 Re8 16. Nbc3 Nxg4)
13. Be3 Nd5) 6... h6 ({RR} 6... e5 7. d3 Bc5 8. Nc3 ({RR} 8. O-O Bg4 9. h3 Bh5)
8... Bg4 9. h3 ({RR} 9. O-O Nd4 10. Bxf7+ Kf8 ({RR} 10... Kxf7 11. Nxe5+ Kf8
12. Nxg4 Nxg4 13. Qxg4) 11. Bc4 Nxf3+ 12. gxf3 Bh3 13. Re1 Qe8 14. Bf4) 9...
Bh5 10. Bg5 h6 11. Bxf6 gxf6 ({RR} 11... Qxf6 12. Ne4 Qe7) 12. Ne4 Be7 ({RR} 
12... Bb6) 13. Ng3 Bg6 ({RR} 13... Bxf3 14. Qxf3 Nd4 15. Qd1 ({RR} 15. Qh5
Nxc2+ 16. Kd2 Nxa1 17. Qxf7+ Kd7)) 14. Nh4 b5 ({RR} 14... Qd4 15. Nxg6 fxg6 16.
c3) 15. Bb3 ({RR} 15. Bxb5 Qa5+) 15... Nd4 16. Nxg6 fxg6 17. Qg4 Qa5+ 18. Kf1
g5 ({RR} 18... Nxb3 19. Qxg6+ Kd8 20. cxb3) 19. Rd1 Rd8 20. Nf5 h5 21. Ng7+ {
Mukhametov,E (2390)-Terekhin,A (2350)/St Petersburg 1994/CBM 041/[Blatny,P]/
1-0 (31)}) ({RR} 6... e6 7. d4) ({RR} 6... Bg4 7. h3 Bh5 8. c3 e5 9. d3 Bc5 10.
b4 e4 11. bxc5 exf3 12. g4 Qe7+ 13. Be3 Bg6 14. Qxf3 Rd8 15. O-O Bxd3 16. Bxd3
Rxd3 17. Qf5 Ne5 18. Na3 g6 19. Qf4 Nd5 20. Qa4+ Nc6 21. Bd4 {
Podolnyy,J (1983)-Spreer,L (1628)/Leipzig 2016/EXT 2017/0-1 (34)}) 7. O-O e5
$146 ({RR} 7... Qc7 8. d4 Bf5 9. c3 e6 10. Re1 Be7 11. Nbd2 O-O 12. Nf1 Bd6 13.
Be2 Ng4 14. h3 Nf6 15. Be3 Rad8 16. N1d2 a6 17. Nc4 Be7 18. a4 Nd5 19. Qc1 Kh7
20. Nfe5 Nxe5 21. Nxe5 Bd6 22. Nc4 {
Kavalski,P (1585)-Gasch,F (1526)/Leutersdorf 2003/CBM 092 Extra/1-0 (47)}) ({RR
} 7... Bg4 8. Be2 e6 9. Nc3 a6 10. h3 Bh5 11. d3 Bd6 12. Be3 O-O 13. Qd2 Kh7
14. Ne4 Nxe4 15. dxe4 Bg6 16. Rad1 Bc7 17. Qc3 Qe8 18. Bc5 Rg8 19. e5 Rc8 20.
Bd3 Ne7 21. Bxg6+ Nxg6 22. Qe3 {
Vladyka,V (2074)-Gasch,F (1526)/Leutersdorf 2003/CBM 092 Extra/1-0 (50)}) 8.
Re1 Bg4 9. h3 Bh5 10. g4 Nxg4 11. hxg4 Bxg4 12. Be2 Bd6 13. Nc3 O-O 14. d3 f5
15. Nh2 Qh4 16. Nf1 Rf6 17. Bxg4 Rg6 18. f3 fxg4 19. f4 Nd4 20. Be3 Nf3+ 21.
Kg2 exf4 22. Bg1 Qh3+ 23. Kf2 Bc5+ 0-1

[Event "185th open MGU"]
[Site "Sofia"]
[Date "2017.04.08"]
[Round "2.3"]
[White "Mladenov, Andrey"]
[Black "Ignatov, Bojidar"]
[Result "0-1"]
[WhiteElo "1552"]
[BlackElo "1770"]
[PlyCount "74"]
[EventDate "2017.04.08"]
[EventType "swiss"]
[EventRounds "6"]
[EventCountry "BUL"]

1. e4 e5 2. Nf3 Nc6 3. d4 exd4 4. Bc4 Be7 5. c3 Nf6 6. e5 Ne4 7. cxd4 d5 8. Bd3
Bg4 9. Be3 O-O 10. O-O f5 11. exf6 Nxf6 12. h3 Bh5 13. Nc3 Qd7 14. Bb5 Ne4 15.
Ne5 Qe8 16. Qb3 Nxc3 17. Qxc3 Rd8 18. Nxc6 bxc6 19. Qxc6 Qf7 20. f4 Qf5 21. Qc3
Bg6 22. Be2 Qe6 23. Bg4 Bf5 24. Bxf5 Qxf5 25. Rad1 Bf6 26. Kh1 Rfe8 27. Bg1 Re4
28. Qxc7 Rc8 29. Qa5 Re2 30. Rd2 Rc2 31. Rxc2 Qxc2 32. Qxd5+ Kf8 33. Rf3 Rxg2
34. Rc3 Rxg1+ 35. Kxg1 Qb1+ 36. Kh2 Qxb2+ 37. Qg2 Qxc3 0-1

[Event "185th open MGU"]
[Site "Sofia"]
[Date "2017.04.08"]
[Round "2.5"]
[White "Georgiev, Nikolay Zh."]
[Black "Babatov, Martin"]
[Result "1/2-1/2"]
[WhiteElo "1574"]
[BlackElo "1709"]
[PlyCount "92"]
[EventDate "2017.04.08"]
[EventType "swiss"]
[EventRounds "6"]
[EventCountry "BUL"]

1. e4 c6 2. Nc3 d5 3. d4 dxe4 4. Nxe4 Bf5 5. Ng3 Bg6 6. h4 h6 7. h5 Bh7 8. Nf3
Nd7 9. Bd3 Bxd3 10. Qxd3 Qc7 11. Bd2 Ngf6 12. Ne4 Nxe4 13. Qxe4 Nf6 14. Qe2 e6
15. O-O-O O-O-O 16. c4 c5 17. Bc3 cxd4 18. Nxd4 Qf4+ 19. Kb1 Qe4+ 20. Qxe4 Nxe4
21. Ne2 Rxd1+ 22. Rxd1 Nxf2 23. Rf1 Bc5 24. Bd4 Bxd4 25. Nxd4 Rd8 26. Rxf2 Rxd4
27. Rxf7 Rg4 28. Re7 Rxg2 29. Rxe6 Rg4 30. Re7 Rxc4 31. Rxg7 Rc5 32. Rg8+ Kd7
33. Rg7+ Kd8 34. Rxb7 a5 35. b4 axb4 36. Rxb4 Rxh5 37. a4 Kc7 38. Kc2 Rh2+ 39.
Kd3 Rh3+ 40. Ke2 h5 41. Rb5 h4 42. Rh5 Kb6 43. Kf2 Ra3 44. Rxh4 Ka5 45. Ke2
Rxa4 46. Rxa4+ Kxa4 1/2-1/2

[Event "185th open MGU"]
[Site "Sofia"]
[Date "2017.04.08"]
[Round "2.6"]
[White "Kononenko, Vladimir"]
[Black "Georgiev, Kristian"]
[Result "0-1"]
[WhiteElo "1329"]
[BlackElo "1580"]
[PlyCount "58"]
[EventDate "2017.04.08"]
[EventType "swiss"]
[EventRounds "6"]
[EventCountry "BUL"]

1. e4 e6 2. d4 d5 3. exd5 exd5 4. c4 dxc4 5. Bxc4 Nf6 6. Bg5 Be7 7. Nc3 O-O 8.
Nge2 c6 9. O-O Nbd7 10. Re1 b5 11. Bb3 Nb6 12. Qd3 a5 13. Bc2 g6 14. Ng3 b4 15.
Na4 Ba6 16. Qf3 Nbd5 17. h3 Re8 18. Bxf6 Bxf6 19. Red1 Bb5 20. Nc5 Ra7 21. Nge4
Bg7 22. Qg3 Bh6 23. Nd6 Nf4 24. Qf3 Qxd6 25. Ne4 Qd8 26. Re1 Kh8 27. Bb3 a4 28.
Bc2 Rae7 29. Rad1 f5 0-1

[Event "185th open MGU"]
[Site "Sofia"]
[Date "2017.04.08"]
[Round "3.2"]
[White "Ignatov, Bojidar"]
[Black "Mihalev, Daniil"]
[Result "0-1"]
[WhiteElo "1770"]
[BlackElo "1760"]
[PlyCount "120"]
[EventDate "2017.04.08"]
[EventType "swiss"]
[EventRounds "6"]
[EventCountry "BUL"]

1. d4 g6 2. e4 Bg7 3. c4 c5 4. d5 d6 5. Nc3 Nf6 6. Bd3 O-O 7. f3 e5 8. Be3 Nh5
9. Nge2 f5 10. Qc2 ({RR} 10. exf5 gxf5 ({RR} 10... Bxf5 11. Bxf5 gxf5 12. Qd2
Qh4+ 13. g3 Qxc4 14. O-O-O Nd7 15. Kb1 f4 16. Bg1 Nhf6 17. gxf4 Rae8 18. Be3 e4
19. Ng3 exf3 20. Rhg1 Kh8 21. f5 b5 22. Bh6 Bxh6 23. Qxh6 f2 24. Rgf1 b4 25.
Na4 {Yan,X (1900)-Yuan,Q (2358)/Zhongshan 2014/EXT 2015/0-1 (32)}) 11. Qd2 a6
12. a4 Nd7 13. Bg5 Qe8 ({RR} 13... Bf6 14. Bxf6 Qxf6) 14. O-O Ndf6 15. Bc2 Bd7
16. Rab1 Qc8 ({RR} 16... e4 17. b4 b6 18. bxc5 bxc5 19. Rb6 Qe5) ({RR} 16... b6
17. b4 Rb8) 17. a5 Qc7 ({RR} 17... b5 18. axb6 Rb8 19. Na4 ({RR} 19. b4 cxb4)
19... Bxa4 20. Bxa4 Rxb6) ({RR} 17... Qe8) 18. Na4 e4 19. Nb6 Rae8 20. Rbe1 Kh8
21. Kh1 Rg8 ({RR} 21... exf3 22. gxf3 ({RR} 22. Rxf3 Ne4) 22... Ng8) 22. Nf4
Nxf4 23. Qxf4 Ref8 24. Qh4 Be8 {
Hort,V (2620)-Gligoric,S (2565)/Niksic 1978/MCL/[Dolmatov]/1-0 (33)}) 10... Na6
11. a3 Bd7 $146 ({RR} 11... Nc7 12. exf5 gxf5 13. O-O-O e4 14. fxe4 f4 15. Bd2
Be5 16. Ng1 Bg4 17. Be2 Nf6 18. Nf3 Bxf3 19. Bxf3 Qe8 20. g3 fxg3 21. hxg3 b5
22. Rh4 bxc4 23. Rdh1 Rb8 24. g4 Nb5 25. Nxb5 Rxb5 26. Bc3 {
Andersson,K (2098)-Andersson,G (2169)/Lund 2010/CBM 137 Extra/0-1}) 12. h3 f4
13. Bf2 Nc7 14. b4 b6 15. Kd2 Qg5 16. Rhg1 Qe7 17. Nc1 Rfc8 18. Nb3 Na6 19.
bxc5 Nxc5 20. Nxc5 bxc5 21. Rgb1 Rab8 22. Rb3 Qg5 23. Bf1 Ng3 24. Ke1 Qd8 25.
Rab1 Rxb3 26. Qxb3 Qa5 27. Kd2 Bf6 28. Kd3 Qc7 29. Be2 h5 30. Be1 Bd8 31. Qb7
Kf7 32. Qxc7 Rxc7 33. Rb8 Ke7 34. Nb5 Bxb5 35. Rxb5 Nxe2 36. Kxe2 g5 37. Ba5
Rd7 38. Bxd8+ Rxd8 39. Kd3 a6 40. Rb6 a5 41. Kc2 Ra8 42. Rb7+ Kf6 43. Rh7 a4
44. h4 gxh4 45. Rxh5 Rg8 46. Rxh4 Rxg2+ 47. Kd3 Rf2 48. Rh7 Rxf3+ 49. Ke2 Rxa3
50. Rd7 Re3+ 51. Kd2 Rxe4 52. Rxd6+ Ke7 53. Re6+ Kd7 54. Kd3 Re3+ 55. Kd2 a3
56. Ra6 e4 57. Kc2 f3 58. Rf6 Re2+ 59. Kd1 a2 60. Ra6 Rh2 0-1

[Event "185th open MGU"]
[Site "Sofia"]
[Date "2017.04.08"]
[Round "3.3"]
[White "Georgiev, Kristian"]
[Black "Andreev, Dobrotich"]
[Result "0-1"]
[WhiteElo "1580"]
[BlackElo "1986"]
[PlyCount "134"]
[EventDate "2017.04.08"]
[EventType "swiss"]
[EventRounds "6"]
[EventCountry "BUL"]

1. e4 c6 2. d4 d5 3. e5 Bf5 4. Nc3 e6 5. g4 Bg6 6. f4 ({RR} 6. Nce2 c5 7. c3
Nc6 8. h4 h6 9. Nf4 Bh7 10. Bd3 Bxd3 11. Qxd3 cxd4 12. cxd4 Nb4 13. Qb5+ Qd7
14. Qxd7+ Kxd7 15. Kd1 Rc8 16. Nge2 Ne7 17. Be3 Nc2 18. Rc1 Nxe3+ 19. fxe3
Rxc1+ 20. Kxc1 f5 {
Jeric,S (2385)-Burmakin,V (2535)/Ljubljana 1996/CBM 053 Extra/1/2}) 6... h5
$146 ({RR} 6... Qh4+ 7. Ke2 ({RR} 7. Kd2 Qf2+ 8. Nce2 Be4 9. Nh3 Qh4 10. Rg1
Bf3 11. Qe1 Qxe1+ 12. Kxe1 h5 13. g5 Ne7 14. Kf2 Be4 15. c3 g6 16. Ng3 Bf5 17.
Nxf5 Nxf5 18. Bd3 Ne7 19. b4 Nd7 20. Bd2 b6 21. Rgb1 a6 {
Maleska,A (2035)-Rybak,A/Biala Podlaska 1994/EXT 2001/1/2 (42)}) 7... Qxg4+ 8.
Nf3 Be4 9. Kf2 Be7 10. Be2 Bh4+ 11. Kf1 Qh3+ 12. Kg1 Bxf3 13. Bxf3 Ne7 14. Bg4
Bf2+ 15. Kxf2 Qh4+ 16. Kf1 h5 17. Bf3 Nf5 18. Ne2 Nd7 19. Bd2 Qe7 20. Nc3 Nxd4
21. Bxh5 {Pantelides,L-Charalambous,C/Nicosia 2015/EXT 2016/0-1 (37)}) ({RR} 
6... h6 7. h4 h5 8. g5 Bf5 9. Be2 g6 10. Be3 Qb6 11. Rb1 Nd7 12. b3 c5 13. a3
Qa5 14. Bd2 cxd4 15. Nb5 Qb6 16. a4 a5 17. Nf3 Bc5 18. b4 axb4 19. Bxb4 Rxa4
20. Bxc5 Nxc5 21. Nd6+ {Dihel,M-Skalicky,T/Frydek Mistek 2007/EXT 2010/1-0}) 7.
f5 Qh4+ 8. Ke2 exf5 9. Nf3 Qd8 10. gxf5 Bxf5 11. Be3 Ne7 12. Qd2 Nd7 13. Nh4
Bg4+ 14. Ke1 Nf5 15. Nxf5 Bxf5 16. Bg2 Be7 17. Ne2 Bh4+ 18. Ng3 Bg4 19. Rf1 Qb6
20. c3 O-O 21. Kf2 Qb5 22. Kg1 Bxg3 23. hxg3 Qe2 24. Qc1 Rae8 25. Rf2 Qd3 26.
Bf1 Qg6 27. Qd2 f6 28. Bd3 f5 29. Rh2 Rf7 30. Bf4 Nf8 31. b3 Ne6 32. Bf1 Bf3
33. Qe3 Bg4 34. a4 Rd7 35. b4 Qf7 36. a5 Qe7 37. Rha2 g5 38. b5 gxf4 39. gxf4
c5 40. b6 a6 41. Rb2 c4 42. Rg2 Qh7 43. Be2 Rg7 44. Bf1 Qh6 45. Rf2 Bf3+ 46.
Kh2 Be4 47. Bh3 Ree7 48. Rff1 h4 49. Qf2 Rg3 50. Rac1 Reg7 51. Rce1 Rg2+ 52.
Bxg2 Rxg2+ 53. Qxg2+ Bxg2 54. Kxg2 Nxf4+ 55. Kh2 Nd3 56. Re2 f4 57. e6 Kf8 58.
e7+ Ke8 59. Rg1 Qh7 60. Reg2 Qh5 61. Rg7 Qe2+ 62. R1g2 f3 63. Rg8+ Kxe7 64.
R8g7+ Kf6 65. R7g6+ Kf5 66. R6g5+ Kf4 67. R5g4+ Ke3 0-1

[Event "185th open MGU"]
[Site "Sofia"]
[Date "2017.04.08"]
[Round "3.4"]
[White "Babatov, Martin"]
[Black "Markov, Daniel"]
[Result "1-0"]
[WhiteElo "1709"]
[BlackElo "1152"]
[PlyCount "59"]
[EventDate "2017.04.08"]
[EventType "swiss"]
[EventRounds "6"]
[EventCountry "BUL"]

1. d4 Nf6 2. c4 g6 3. Nc3 Bg7 4. e4 d6 5. f3 O-O 6. Be3 Nbd7 7. Qd2 Re8 8. Bd3
({RR} 8. Nh3 c6 9. Nf2 b6 10. Be2 Bb7 11. O-O Qc7 12. Rfd1 Rad8 13. Rac1 e6 14.
Bg5 a6 15. Ng4 c5 16. Nh6+ Kf8 17. dxc5 dxc5 18. Qd6+ Qxd6 19. Rxd6 Rc8 20.
Rcd1 Bc6 21. f4 Nb8 22. e5 Ng8 {
Peter,A (2435)-Varaljai,I (2195)/Kobanya 1996/EXT 2004/1-0 (59)}) 8... c5 9. d5
Ne5 ({RR} 9... a6 10. Nge2 Ne5 11. h3 b5 12. cxb5 c4 13. Bc2 axb5 14. Nxb5 Ba6
15. Nbc3 Nfd7 16. f4 Nd3+ 17. Bxd3 cxd3 18. Nd4 Qa5 19. O-O Nc5 20. Rab1 Qb6
21. Nf3 Qb4 22. e5 Ne4 23. Nxe4 Qxe4 24. Bd4 {Moore Guzman,F (2046)-Brito
Rondon,E (1962)/Santo Domingo 2015/CBM 166 Extra/0-1 (43)}) 10. Nge2 e6 $146 ({
RR} 10... Nfd7 11. f4 Nxd3+ 12. Qxd3 a6 13. a4 Nf8 14. O-O Rb8 15. Ng3 Qc7 16.
Kh1 b6 17. Qd2 Nd7 18. Qc2 Bb7 19. Rae1 Rf8 20. Bc1 Rbe8 21. b3 e6 22. Bb2 e5
23. f5 Nf6 24. Bc1 Bc8 25. Bg5 {
Wittmer,T-Zieger,E/Hockenheim 1994/EXT 2003/1/2 (35)}) ({RR} 10... Kh8 11. O-O
Bd7 12. Rad1 Ng8 13. b3 a6 14. a4 Qa5 15. Ra1 Rf8 16. Bc2 Rab8 17. h3 f5 18. f4
Nf7 19. exf5 gxf5 20. Bd3 Nfh6 21. Qc2 Nf6 22. Bd2 Qc7 23. Ng3 Qc8 24. Rae1 Rf7
25. Rf2 {Lisboa Torres,E-Martins,V (2009)/Sao Paulo 2009/CBM 132 Extra/1-0 (56)
}) ({RR} 10... Rb8 11. O-O-O Bd7 12. Rdf1 a6 13. g4 b5 14. cxb5 c4 15. Bb1 axb5
16. h3 b4 17. Nd1 Qc7 18. Ng3 Nd3+ 19. Bxd3 cxd3+ 20. Kb1 Rec8 21. Nf2 b3 22.
a3 Qc2+ 23. Ka1 Qxd2 24. Bxd2 Rc2 25. Bc3 {
Bustamante Casas,R-Medrano Urresti,D/Merida 1997/EXT 1999/0-1 (33)}) 11. h3 a6
12. f4 Nxd3+ 13. Qxd3 Bd7 14. g4 exd5 15. cxd5 Nxg4 16. hxg4 Bxg4 17. O-O-O b5
18. Rdg1 Bxe2 19. Nxe2 Qa5 20. Qb1 c4 21. Bd4 Bxd4 22. Nxd4 c3 23. Nc6 cxb2+
24. Qxb2 Qa4 25. Rxh7 Qc4+ 26. Kd2 f6 27. Rgh1 g5 28. Rh8+ Kg7 29. R1h7+ Kg6
30. f5# 1-0

[Event "185th open MGU"]
[Site "Sofia"]
[Date "2017.04.08"]
[Round "3.5"]
[White "Arshinkova, Boryana"]
[Black "Georgiev, Nikolay Zh."]
[Result "0-1"]
[WhiteElo "1251"]
[BlackElo "1574"]
[PlyCount "74"]
[EventDate "2017.04.08"]
[EventType "swiss"]
[EventRounds "6"]
[EventCountry "BUL"]

1. e4 e5 2. f4 exf4 3. d4 Qh4+ 4. Ke2 ({RR} 4. g3 fxg3 5. Nf3 Qxe4+ 6. Qe2 Nf6
7. hxg3 Bb4+ 8. c3 Bd6 9. Qxe4+ Nxe4 10. Bf4 Bxf4 11. gxf4 O-O 12. Na3 h6 13.
O-O-O Nf2 14. Nb5 Nxh1 15. Nxc7 Ng3 16. Nxa8 Nxf1 17. Rxf1 d6 18. Nc7 Bh3 {
Govender,T (1005)-Nunnan,Y (423)/Bloemfontein 2016/CBM 171 Extra/1/2}) 4... Nf6
({RR} 4... Qe7 5. Kf2 Nf6 6. Nc3 d6 7. h3 g5 8. Bd3 Nc6 9. Nge2 Bg7 10. Bb5 O-O
11. Rf1 Nxe4+ 12. Nxe4 Qxe4 13. c3 Bf5 14. Bxc6 bxc6 15. Ng1 Rfe8 16. Bd2 Rab8
17. b3 c5 18. Nf3 h6 19. Re1 {
Bartel,M (2340)-Bartel,M (2641)/Random 2015/EXT 2016/0-1 (36)}) 5. Nf3 Qg4 6.
Ke1 $146 ({RR} 6. Nc3 Bb4 7. e5 ({RR} 7. Nd5 Nxd5 8. exd5 c6 9. Kf2 O-O 10. Be2
Qf5 11. c3 Bd6 12. Rf1 Qxd5 13. Kg1 Bc7 14. c4 Qf5 15. Ne5 d6 16. Bg4 Qf6 17.
Bxc8 Rxc8 18. Rxf4 Qe7 19. Nxf7 d5 20. Nh6+ Kh8 21. Nf7+ Kg8 {
Jacobs,B (2245)-Gelfer,I (2355)/London 1981/EXT 1999/1-0 (31)}) 7... Nh5 8. Nd5
Ba5 9. b4 Bb6 10. a4 c6 11. Nxb6 axb6 12. Kf2 b5 13. c3 O-O 14. Bb2 bxa4 15. b5
d5 16. Rxa4 Rxa4 17. Qxa4 f6 18. Ba3 Re8 19. Bd6 cxb5 20. Qxb5 Nc6 {
Gordan,N (2240)-Hossu,E/Calimanesti 1985/EXT 2015/1-0 (33)}) 6... Be7 7. Bd3
O-O 8. Kf2 d5 9. Re1 dxe4 10. Bxe4 Nxe4+ 11. Rxe4 Bd6 12. Re1 Bf5 13. Kg1 Nc6
14. Nc3 Nb4 15. Re2 Rfe8 16. Rf2 c6 17. a3 Na6 18. Rf1 Kf8 19. Nd2 Qxd1 20.
Rxd1 Bxc2 21. Rf1 Bd3 22. Rf2 Re1+ 23. Nf1 Rae8 24. h3 Nc7 25. Rf3 Be2 26. Nxe2
R8xe2 27. Kh2 Nd5 28. Nd2 Rxd2 29. Bxd2 Rxa1 30. b4 Ke8 31. h4 Kd7 32. Kh3 Kc7
33. Rb3 Kb6 34. Rf3 Kb5 35. Rb3 Ka4 36. Rf3 Rxa3 37. Rxa3+ Kxa3 0-1

[Event "185th open MGU"]
[Site "Sofia"]
[Date "2017.04.08"]
[Round "3.6"]
[White "Kononenko, Vladimir"]
[Black "Gelemerov, Yane"]
[Result "0-1"]
[WhiteElo "1329"]
[BlackElo "1976"]
[PlyCount "32"]
[EventDate "2017.04.08"]
[EventType "swiss"]
[EventRounds "6"]
[EventCountry "BUL"]

1. e4 e5 2. Nf3 Nc6 3. Bc4 Bc5 4. c3 Qe7 5. O-O d6 6. d4 Bb6 7. h3 Nf6 8. Bg5
h6 9. Bxf6 Qxf6 10. Nbd2 ({RR} 10. dxe5 dxe5 11. Qe2 g5 12. Rd1 g4 13. hxg4
Bxg4 14. Nbd2 Rg8 15. Kf1 O-O-O 16. b4 Qg6 17. a4 Qh5 18. Ke1 a5 19. Bd5 Ne7
20. Bb3 axb4 21. cxb4 Nc6 22. Nc4 Bd4 23. Rac1 Bxf3 24. Qxf3 Qh1+ {
Tomulic,T (1842)-Matanovic,L (2081)/Sv Filip i Jakov 2014/EXT 2016/0-1 (51)}) (
{RR} 10. d5 Ne7 11. Na3 g5 12. Nc2 h5 13. Ne3 g4 14. Nh2 Ng6 15. Bb5+ Kf8 16.
Bd3 Nf4 17. Nf5 Bxf5 18. exf5 g3 19. Nf3 gxf2+ 20. Kh2 h4 21. Bc2 Rg8 {
0-1 Kostov,N (1908)-Gelemerov,Y (2102)/Sofia 2014/EXT 2015}) 10... Ne7 11. d5
O-O $146 ({RR} 11... g5 12. Nh2 h5 13. Qf3 Qh6 14. g4 hxg4 15. Nxg4 Qxh3 16.
Qxh3 Rxh3 17. Nf6+ Kf8 18. Be2 Ng6 19. Nh5 g4 20. Ng3 Rxg3+ {
0-1 Hellstrom,B-Tabor,J/Helsinki 1961/EXT 2001}) 12. Re1 Ng6 13. Qe2 Nf4 14.
Qd1 Bxh3 15. gxh3 Qg6+ 16. Kf1 Qg2# 0-1

[Event "185th open MGU"]
[Site "Sofia"]
[Date "2017.04.08"]
[Round "3.8"]
[White "Ruschukov, Boyan"]
[Black "Ivanov, Oleg M."]
[Result "1-0"]
[WhiteElo "1801"]
[BlackElo "1628"]
[PlyCount "21"]
[EventDate "2017.04.08"]
[EventType "swiss"]
[EventRounds "6"]
[EventCountry "BUL"]

1. d4 Nf6 2. c4 e5 3. dxe5 Ng4 4. e4 Nxe5 5. f4 Bc5 6. Qd5 d6 $146 ({RR} 6...
Bb4+ 7. Bd2 Bxd2+ 8. Qxd2 Ng6 ({RR} 8... Nec6 9. Bd3 d6 10. Ne2 a5 11. Nbc3 Na6
12. O-O Nc5 13. Ng3 O-O 14. Be2 f5 15. exf5 Bxf5 16. Nxf5 Rxf5 17. Rae1 Rf7 18.
Bh5 Rf8 19. Nd5 Qh4 20. Qd1 g6 21. Bg4 Rf7 22. g3 Qh6 23. Rf2 {
Milanovic,D (2529)-Ristic,N (2366)/Golubac 2008/EXT 2010/0-1 (38)}) 9. Nf3 Nc6
10. Bd3 ({RR} 10. Nc3 d6 11. Be2 Qe7 12. O-O O-O 13. Rad1 Bd7 14. Ng5 Qd8 15.
Bh5 h6 16. Nf3 Be6 17. b3 Nh4 18. Nd4 Nxd4 19. Qxd4 g6 20. Be2 Qe7 21. g3 Bh3
22. Rf2 Qd8 23. Nd5 f5 24. gxh4 c5 {
Sola Montoya,J (1872)-Garcia Ahumada,L (1781)/Sant Adria 2016/EXT 2017/1-0 (36)
}) 10... Qf6 11. g3 d6 12. Nc3 Nb4 13. Be2 O-O 14. a3 Na6 15. Nd5 Qe6 16. f5
Qxe4 17. fxg6 Bg4 18. gxh7+ Kxh7 19. O-O Nc5 20. Rae1 f6 21. Nd4 {
Alf,H-Coldewey,C/Kappeln 1990/EXT 2003/0-1 (31)}) 7. fxe5 c6 8. Qd3 Qh4+ 9. g3
Qh5 10. Be2 Qxe5 11. Nf3 1-0